000 00708nam a22001937a 4500
999 _c195453
_d195453
005 20230405104719.0
010 _aENG-136544
020 _a9789354499418
_c460.00
035 _aEN-120076
037 _bDBAD/PUB
082 _a910
100 _aMukherjee,Rupasree
245 _aExpeditions:
_bGeography for ICSE Class 9/
_cby Rupasree Mukherjee and Baruna Ray Chowdhury
260 _aUttar Pradesh
_bPearson India Education Services Pvt.Ltd
_c2022
270 _a15th Floor,Tower-B,World Trade Tower,Plot NO: C-01,Block-16,Noida
_bUttar Pradesh
_e201301
_mcompanysecretary.india@pearson.com
300 _a225p.;
_c26cm(pbk)
700 _aChowdhary,Baruna Ray
942 _2ddc
_cEN
_h910
_mMUK